The ultimate reducibility of essence to existence in existential metaphysics /

Bibliographic Details
Main Author: Carlo, William E., 1921-
Format: Book
Language:English
Published: The Hague : M. Nijhoff, 1966.
Subjects:

MARC

Tag First Indicator Second Indicator Subfields
LEADER 00000cam a22000001 4500
001 in00000316621
005 20151011051549.0
008 740502s1966 ne b 00010 eng d
010 |a  67001597  
035 |a (OCoLC)02571457 
035 |9 ABK9471AM 
040 |a DLC  |c DLC  |d TXA  |d UtOrBLW 
049 |a TXAM  |c [637228] 
050 0 |a B765.T54  |b C33 
100 1 |a Carlo, William E.,  |d 1921- 
245 1 4 |a The ultimate reducibility of essence to existence in existential metaphysics /  |c by William E. Carlo. 
264 1 |a The Hague :  |b M. Nijhoff,  |c 1966. 
300 |a xviii, 150 pages ;  |c 24 cm. 
336 |a text  |b txt  |2 rdacontent 
337 |a unmediated  |b n  |2 rdamedia 
338 |a volume  |b nc  |2 rdacarrier 
504 |a Bibliography: pages [152]-147. 
600 0 0 |a Thomas,  |c Aquinas, Saint,  |d 1225?-1274  |x Metaphysics. 
650 0 |a Ontology. 
999 |a MARS 
999 f f |s e472558e-c535-3805-b348-b57d01fd611a  |i c7c0b001-9b1f-300f-9f47-8236b1469a87  |t 0 
952 f f |p ric  |a Texas A&M University  |b Rellis Campus  |c Joint Library Facility  |d Remote Storage  |t 0  |e B765.T54 C33  |h Library of Congress classification  |i unmediated -- volume  |m A14801597853 
998 f f |a B765.T54 C33  |t 0  |l Remote Storage